000 00449nam a22001697a 4500
003 BD-ChCU
005 20260215113135.0
008 260215b bg ||||| |||| 00| 0 ben d
040 _cBD-ChCU
082 _a509 TAC
100 _aTaylor, F. Sherwood.
_920276
245 _aThe century of Science.//
_cTaylor, F. Sherwood.
260 _aLondon.
_bHeinmann.
_c1965
300 _ax, 277p
650 0 _aScience - History.
_920282
942 _2ddc
_cBK
_n0
999 _c111580
_d111580